000 00745nam a2200133Ia 4500
008 171212s9999 xx 000 0 und d
020 _a9780833044037
100 _aHung, Angela A.;Clancy, Noreen;Dominitz, Jeff;Talley, Eric;Berrebi, Claude
245 _cHung, Angela A.;Clancy, Noreen;Dominitz, Jeff;Talley, Eric;Berrebi, Claude
_aInvestor and Industry Perspectives on Investment Advisers and Broker-Dealers
260 _bRAND Corporation
_c2008
650 _aLaw
650 _aSecurities -- United States; Securities industry -- Law and legislation -- United States; Investment advisors -- Legal status, laws, etc. -- United States; Stockbrokers -- Legal status, laws, etc. -- United States
856 _uwww.jstor.org/stable/10.7249/tr556ussec
999 _c352241
_d352241